La madona de las siete lunas / (Registro nro. 6636)
[ vista simple ]
| 000 -LEADER | |
|---|---|
| fixed length control field | 00740cam a2200217 a 4500 |
| 003 - CONTROL NUMBER IDENTIFIER | |
| control field | OSt |
| 005 - DATE AND TIME OF LATEST TRANSACTION | |
| control field | 20250415161923.0 |
| 008 - FIXED-LENGTH DATA ELEMENTS--GENERAL INFORMATION | |
| fixed length control field | 940801t00001973sp 0 spa d |
| 040 ## - CATALOGING SOURCE | |
| Original cataloging agency | CO-BoPUJ |
| Transcribing agency | CO-JMCR |
| 082 04 - DEWEY DECIMAL CLASSIFICATION NUMBER | |
| Classification number | A-N |
| Item number | LAWm |
| 100 1# - MAIN ENTRY--PERSONAL NAME | |
| Personal name | Lawrence, Margery, |
| Relator term | autor |
| 9 (RLIN) | 1130 |
| 245 #3 - TITLE STATEMENT | |
| Title | La madona de las siete lunas / |
| Statement of responsibility, etc. | Margery Lawrence ; traducción, J. Romero de Tejada |
| 260 ## - PUBLICATION, DISTRIBUTION, ETC. | |
| Place of publication, distribution, etc. | Barcelona : |
| Name of publisher, distributor, etc. | Circulo de Lectores, |
| Date of publication, distribution, etc. | 1970 |
| 300 ## - PHYSICAL DESCRIPTION | |
| Extent | 336 páginas ; |
| Dimensions | 20 cm. |
| 505 ## - FORMATTED CONTENTS NOTE | |
| Formatted contents note | Maddalena -- Rosanna -- La Madona de las siete lunas |
| 546 1# - LANGUAGE NOTE | |
| Language note | Traducido el Inglés. |
| 546 1# - LANGUAGE NOTE | |
| Language note | Titulo original: The madonna of seven moons |
| 650 24 - SUBJECT ADDED ENTRY--TOPICAL TERM | |
| Topical term or geographic name entry element | Novela inglesa |
| 9 (RLIN) | 193 |
| 700 1# - ADDED ENTRY--PERSONAL NAME | |
| Personal name | Romero de Tejada, J., |
| Relator term | traductor |
| 9 (RLIN) | 1131 |
| 942 ## - ADDED ENTRY ELEMENTS (KOHA) | |
| Source of classification or shelving scheme | Dewey Decimal Classification |
| Koha item type | Books |
| Withdrawn status | Lost status | Source of classification or shelving scheme | Damaged status | Not for loan | Home library | Current library | Shelving location | Date acquired | Source of acquisition | Cost, normal purchase price | Full call number | Barcode | Date last seen | Copy number | Price effective from | Koha item type |
|---|---|---|---|---|---|---|---|---|---|---|---|---|---|---|---|---|
| Dewey Decimal Classification | Biblioteca Pública José María del Castillo y Rada | Biblioteca Pública José María del Castillo y Rada | Processing Center | 12/19/2019 | Donación | 0.00 | A-N LAWm | 201811418 | 03/04/2020 | Ej.1 | 03/04/2020 | Books |